00297nam a2200133Ia 4500008004100000041000800041082001000049100001900059245002500078250000800103260003600111300000800147365000800155231011s9999 xx 000 0 und d aeng a658.8 aRowson Pauline aSuccessful Marketing a1st bJaico Pub House ,Mumbai -c2011 a219 b200